| 000 | 00393 a2200133 4500 | ||
|---|---|---|---|
| 001 | 91326 | ||
| 082 | _aPR 1222 | ||
| 090 |
_c43440 _d43439 |
||
| 100 | _aAbdul Ghafoor Ahmed; | ||
| 245 |
_aAerodynamic Characteristics of a Wing in Incompessible Flow on the Basis of Thin Air foil Theory _n44 "A" EC |
||
| 260 |
_aKarachi _bNED University _c1996 |
||
| 300 | _a74p | ||
| 500 | _aBE Project Reports | ||
| 942 |
_aCAE NUST _kPR 1222 |
||
| 999 |
_c326399 _d326399 |
||